عرض عادي
عرض مارك
- عبد الكريم، رحمي إبراهيم
مدخل إسم شخص
001 - رقم الضبط
- حقل الضبط: 1825
003 - معرف رقم الضبط
- حقل الضبط: OSt
005 - تاريخ ووقت أخر عملية
- حقل الضبط: 20110802021202.0
008 - عناصر بيانات ثابتة الطول
- حقل تحكم ثابت الطول: 110802|||a|||||| | ||| d
040 ## - مصدر الفهرسة
- هيئة الفهرسة الأصلية: OSt
- وكالة الكتابة: OSt
100 ## - مدخل -- أسم شخص
- إسم شخص: عبد الكريم، رحمي إبراهيم
670 ## - بيانات المصدر موجوده
- الاستشهاد بالمصدر: Work cat.: (OSt)12708: عبد الكريم، رحمي إبراهيم, نظرية المعادلات التفاضلية /, 1981
